000 00310nam a22001337a 4500
008 180220b xxu||||| |||| 00| 0 eng d
020 _a0442210426
041 _aeng
080 _a72
100 _a41
101 _aARK
245 _aDesign& layout of foodservice facilities
_cBirchfield,J.C
942 _2udc
_cBK
999 _c42869
_d42869